| 000 | 00440nam a2200169 i 4500 | ||
|---|---|---|---|
| 001 | 87717 | ||
| 003 | ES-MaACL | ||
| 005 | 20230906175727.0 | ||
| 007 | t| | ||
| 008 | 041223s1909 fr ||||1| fre d | ||
| 100 | 1 |
_aLabey, Georges. _969233 |
|
| 245 | 1 | 0 |
_aChirugie du membre inferieur / _cpar Georges Labey. |
| 250 | _a2eme ed. | ||
| 260 |
_aParis : _b[Lahure], _c1909. |
||
| 300 |
_aXIX, 240 p. ; _c20 cm. |
||
| 852 |
_aES-MaACL _jB-11696 |
||
| 999 |
_c87717 _d87717 |
||